Euro 2016 effectif France - Statistiques

Statistiques générales
  • Ce quiz a été pris 826 fois
  • Le résultat moyen est 19 sur 24
Statistiques - réponses
Poste Numéro Club Réponse % Correct
Gardien 1 Tottenham Hotspur Lloris
100%
Gardien 16 Olympique de Marseille Mandanda
99%
Attaquant 7 Atletico Madrid Griezmann
97%
Milieux 19 Juventus Pogba
96%
Attaquant 9 Arsenal Giroud
95%
Sélectionneur Équipe de France de football Didier Deschamps
94%
Attaquant 20 Bayern Munich Coman
93%
Milieux 13 Leicester City Kante
93%
Attaquant 10 Tigres UANL Gignac
92%
Milieux 14 Paris SG Matuidi
91%
Attaquant 8 West Ham United Payet
91%
Attaquant 11 Manchester United Martial
90%
Défenseur 21 Arsenal Koscielny
77%
Défenseur 3 Juventus Evra
76%
Défenseur 22 Olympique lyonnais Umtiti
76%
Gardien 23 Stade rennais Costil
71%
Défenseur 4 FC Seville Rami
70%
Défenseur 15 Manchester City Sagna
69%
Milieux 18 Newcastle United Sissoko
62%
Milieux 6 Crystal Palace Football Club Cabaye
61%
Défenseur 17 AS Rome Digne
54%
Défenseur 2 Olympique lyonnais Jallet
48%
Défenseur 5 Manchester City Mangala
48%
Milieux 12 Manchester United Schneiderlin
42%
Aucun quiz correspondant
Distribution des résultats
% des personnes avec chaque résultat
Percentile par nombre de réponses
Votre historique - résultats
Vous n’avez pas pris ce quiz